VETERINARY APPLIED PHARMACOLOGY AND THERAPEUTICS / (Record no. 19955)
[ view plain ]
| 000 -الفاتح | |
|---|---|
| حقل البيانات ثابتة الطول | 00604nam a2200229Ia 4500 |
| 008 - عناصر البيانات ثابتة الطول - معلومات عامة | |
| حقل البيانات ثابتة الطول | 140319s9999 xx 000 0 eng d |
| 040 ## - مصدر الفهرسة | |
| وكالة الفهرسة الأصلية | GCL / |
| وكالة النسخ | GCL |
| 082 04 - رقم تصنيف ديوى العشرى | |
| رقم التصنيف | 636.089 |
| رقم المادة | B V |
| 100 1# - المدخل الرئيسى - إسم شخصى | |
| الإسم الشخصى | PUGH, D.M. |
| 245 10 - بيان العنوان | |
| العنوان | VETERINARY APPLIED PHARMACOLOGY AND THERAPEUTICS / |
| بيان المسئوليه,etc | PUGH, D.M. |
| 700 1# - المدخل الاضافى - اسم شخصى | |
| الإسم الشخصى | JENKINS, W.L. |
| 700 1# - المدخل الاضافى - اسم شخصى | |
| الإسم الشخصى | BRANDER, G.C. |
| 700 1# - المدخل الاضافى - اسم شخصى | |
| الإسم الشخصى | BYWATER, R.J. |
| 260 ## - PUBLICATION, DISTRIBUTION, ETC. (IMPRINT) | |
| تاريخ النشر أو التوزيع | 1993 |
| 300 ## - الوصف المادى | |
| التعداد | 624 P |
| 650 04 - المدخل الاضافى بالموضوع-مصطلح موضوعى | |
| مصطلح موضوعي | VETERINARY |
| 650 04 - المدخل الاضافى بالموضوع-مصطلح موضوعى | |
| مصطلح موضوعي | PHARMACOLOGY |
| 650 04 - المدخل الاضافى بالموضوع-مصطلح موضوعى | |
| مصطلح موضوعي | ANIMALS HEALTH |
| 650 04 - المدخل الاضافى بالموضوع-مصطلح موضوعى | |
| مصطلح موضوعي | THERAPEUTICS |
| 942 ## - عناصر المدخل الإضافي( كوها) | |
| مصدر التصنيف او مخطط الترفيف | Dewey Decimal Classification |
| Koha [default] item type | كتاب |
| 260 ## - PUBLICATION, DISTRIBUTION, ETC. (IMPRINT) | |
| -- | [S.N] : |
| -- | ELBS WITH BAILLIERE TINDALL ، |
| حالة التراجع | حالة الفقد | حالة تلف | ليس للاعارة | المكان المؤقت | الموقع الحالى | تاريخ الاكتساب | اجمالي اﻻعارات | رقم الطلب | الباركود | تاريخ اخر مشاهدة | تاريخ تفعيل السعر | نوع وعاء كوها |
|---|---|---|---|---|---|---|---|---|---|---|---|---|
| مكتبة القاهرة الكبرى | مكتبة القاهرة الكبرى | 03/26/2014 | 636.089\B V | 37727 | 03/26/2014 | 03/26/2014 | كتاب |

